000 00411nam a2200181Ia 4500
001 9645
005 20260306161733.0
008 260306t2006||||xx |||||||||||||| ||spa||
041 _aESP
082 _a385.01
_bS47
100 _aTelefónica del Perú
_eAUT
245 0 _aRaíces vivas del Perú
260 _c2006
300 _apágs. :
_ccm.
650 _aGEN
654 _aCAN
942 _cLIB
_dJUS
_fJUS
_2ddc
_n
999 _c9645
_d9645